000 01621nam a2200385Ia 4500
001 ebr10150428
003 CaPaEBR
006 m u
007 cr cn|||||||||
008 050809s2006 nyu sb 001 0 eng d
010 _z 2005053915
020 _z140398316X
020 _z1403972818
024 3 _a9781403972811
040 _aCaPaEBR
_cCaPaEBR
035 _a(OCoLC)567962742
050 1 4 _aKZ5662.25
_b.G58 2006eb
082 0 4 _a327.1/747
_222
100 1 _aGlitman, Maynard W.
245 1 4 _aThe last battle of the Cold War
_h[electronic resource] :
_ban inside account of negotiating the Intermediate Range Nuclear Forces Treaty /
_cMaynard W. Glitman.
250 _a1st ed.
260 _aNew York :
_bPalgrave Macmillan,
_c2006.
300 _aix, 259 p.
490 1 _aInitiatives in strategic studies--issues and policies
504 _aIncludes bibliographical references (p. [237]-250) and index.
533 _aElectronic reproduction.
_bPalo Alto, Calif. :
_cebrary,
_d2013.
_nAvailable via World Wide Web.
_nAccess may be limited to ebrary affiliated libraries.
610 1 0 _aSoviet Union.
_tTreaties, etc.
_gUnited States,
_d(1987 Dec. 8)
650 0 _aNuclear arms control
_zUnited States
_xHistory.
650 0 _aNuclear arms control
_zSoviet Union
_xHistory.
650 0 _aIntermediate-range ballistic missiles.
655 7 _aElectronic books.
_2local
710 2 _aebrary, Inc.
830 0 _aInitiatives in strategic studies--issues and policies.
856 4 0 _uhttp://site.ebrary.com/lib/rucke/Doc?id=10150428
_zAn electronic book accessible through the World Wide Web; click to view
999 _c94606
_d94606